|
|
|
|
| LEADER |
00000cam a2200000 a 4500 |
| 001 |
vtls010634892 |
| 003 |
SK-MaSNL |
| 005 |
20260311135651.0 |
| 008 |
250313s1981 xr e 000 0 eng |
| 015 |
|
|
|a SNBA1981
|
| 035 |
|
|
|a F1B5A619-ED4B-411D-9E93-9536E69FFCB4
|
| 035 |
|
|
|a urn:nbn:sk:snk-amjzjt
|
| 035 |
|
|
|a urn:nbn:sk:snk-am00819r
|
| 040 |
|
|
|a SNK
|b slo
|c SNK
|e AACR2
|
| 041 |
0 |
|
|a eng
|
| 044 |
|
|
|a xr
|c CZ
|
| 080 |
|
|
|a 63(437)
|2 1981
|
| 245 |
0 |
0 |
|a Czechoslovak Agriculture
|b information Bulletin of the Ministry of Agriculture and Food of the Czech Socialist Republic, Prague 1981
|
| 250 |
|
|
|a 1. ed.
|
| 260 |
|
|
|a Prague
|b State Publishing House of Agricultural Literature
|c 1981
|
| 300 |
|
|
|a 31 s.
|c 4°
|
| 500 |
|
|
|a Vyd. Ministry of Agriculture and Food of the Czech Socialist Republic, Prague
|
| 650 |
0 |
7 |
|a poľnohospodárstvo
|2 SNKPH
|9 679
|
| 651 |
|
7 |
|a Československo
|2 SNKPH
|9 21376
|
| 655 |
|
7 |
|a bulletiny
|2 SNKPH
|9 70453
|
| 852 |
|
|
|a Slovenská národná knižnica
|
| 958 |
|
|
|a OND
|
| 999 |
|
|
|c 927549
|d 929479
|
| 952 |
|
|
|a SNK
|b SNK
|y PREZ
|7 0
|p 17A1001227
|o snkSB 31813
|i snkKIP 4560/81
|0 0
|1 0
|4 0
|d 2014-11-11
|f 1
|l 0
|r 2025-04-04 00:00:00
|w 2026-02-24
|
| 952 |
|
|
|a SNK
|b SNK
|y VYP
|7 0
|o snkSB 31813 D1
|i snkKIP 4561/81
|0 0
|1 0
|4 0
|d 2014-11-11
|l 0
|r 2026-02-24 08:38:03
|w 2026-02-24
|